Tratado de la posesión según los principios de derecho romano
Uloženo v:
| Hlavní autor: | |
|---|---|
| Médium: | Kniha |
| Jazyk: | španělština |
| Vydáno: |
Madrid
Imprenta de la Sociedad Literaria y Tipográfica
1845
|
| Témata: | |
| Tagy: |
Přidat tag
Žádné tagy, Buďte první, kdo vytvoří štítek k tomuto záznamu!
|
MARC
| LEADER | 00000nam a2200000 a 4500 | ||
|---|---|---|---|
| 001 | UCR1025 | ||
| 003 | CL-VaPUC | ||
| 008 | 971205e18450000SP |||||||||||||||||spa|d | ||
| 082 | 0 | 4 | |a 340.54 |b SAV |2 21 |
| 100 | 0 | |a Savigny, Friedrich Karl von |e author |9 397773 | |
| 245 | 1 | 0 | |a Tratado de la posesión según los principios de derecho romano |
| 300 | |a 261 p | ||
| 942 | |c BK | ||
| 945 | |d 19971205 00:00:00 |a aolguin | ||
| 260 | |a Madrid |b Imprenta de la Sociedad Literaria y Tipográfica |c 1845 | ||
| 650 | 0 | |a Derecho romano |9 255930 | |
| 650 | 0 | |a Posesión |9 258681 | |
| 650 | 7 | |a DERECHOS DE POSESION |2 CL-VaPUC |9 397774 | |
| 650 | 0 | |a Adquisición de la propiedad |9 258291 | |
| 650 | 7 | |a PERDIDAS |2 CL-VaPUC |9 397776 | |
| 650 | 7 | |a INTERDICTOS |2 CL-VaPUC |9 397560 | |
| 650 | 7 | |a SERVIDUMBRES |2 CL-VaPUC |9 256762 | |
| 583 | |a last modification |c 20190723 10:00:36 |k Rodrigo Vera | ||
| 999 | |c 264520 |d 264518 | ||
| 952 | |0 0 |1 0 |4 0 |6 340_540000000000000_SAV_1845 |7 0 |8 DER_HIS |9 294803 |a BIBDER |b BIBDER |d 2019-11-19 |i 1909495 |o 340.54 SAV 1845 |p 1909495 |r 2023-01-25 |w 2019-11-19 |x Ubicación 4to Piso |y BK_X |z Estos recursos deben solicitarse con anticipación |k DER | ||
| 952 | |0 0 |1 0 |4 0 |6 340_540000000000000_SAV_1845 |7 0 |8 X |9 294804 |a BIBDER |b BIBDER |d 2019-11-19 |i 1956019 |l 2 |o 340.54 SAV 1845 |p 1956019 |r 2023-01-25 |s 2021-10-11 |w 2019-11-19 |y BK_X |k DER | ||